China and the Soviet Union : (Record no. 21843)
[ view plain ]
| 000 -LEADER | |
|---|---|
| fixed length control field | 00960cam a22003131a 4500 |
| 001 - CONTROL NUMBER | |
| control field | 7431471 |
| 003 - CONTROL NUMBER IDENTIFIER | |
| control field | BDDh-ASL |
| 005 - DATE AND TIME OF LATEST TRANSACTION | |
| control field | 20231015030042.0 |
| 008 - FIXED-LENGTH DATA ELEMENTS--GENERAL INFORMATION | |
| fixed length control field | 771026s1950 enk b 001 0 eng |
| 010 ## - LIBRARY OF CONGRESS CONTROL NUMBER | |
| LC control number | 51001949 |
| 015 ## - NATIONAL BIBLIOGRAPHY NUMBER | |
| National bibliography number | GB50-11914 |
| 035 ## - SYSTEM CONTROL NUMBER | |
| System control number | (OCoLC)3370111 |
| 040 ## - CATALOGING SOURCE | |
| Original cataloging agency | DLC |
| Transcribing agency | ICRC |
| Modifying agency | MoSU-L |
| -- | Uk |
| -- | DLC |
| -- | BDDh-ASL |
| 042 ## - AUTHENTICATION CODE | |
| Authentication code | premarc |
| 043 ## - GEOGRAPHIC AREA CODE | |
| Geographic area code | a-cc--- |
| -- | e-ur--- |
| 050 00 - LIBRARY OF CONGRESS CALL NUMBER | |
| Classification number | DS740.5.R8 |
| Item number | W8 |
| 082 ## - DEWEY DECIMAL CLASSIFICATION NUMBER | |
| Classification number | 327.4705 |
| Item number | WUC |
| 100 1# - MAIN ENTRY--PERSONAL NAME | |
| Personal name | Wu, Aitchen K., |
| Dates associated with a name | 1891- |
| 245 10 - TITLE STATEMENT | |
| Title | China and the Soviet Union : |
| Remainder of title | a study of Sino-Soviet relations / |
| Statement of responsibility, etc. | by Aitchen K. Wu. |
| 260 ## - PUBLICATION, DISTRIBUTION, ETC. | |
| Place of publication, distribution, etc. | London : |
| Name of publisher, distributor, etc. | Methuen, |
| Date of publication, distribution, etc. | 1950. |
| 300 ## - PHYSICAL DESCRIPTION | |
| Extent | xvi, 434 p. ; |
| Dimensions | 23 cm. |
| 500 ## - GENERAL NOTE | |
| General note | Map on lining papers. |
| 500 ## - GENERAL NOTE | |
| General note | Includes index. |
| 504 ## - BIBLIOGRAPHY, ETC. NOTE | |
| Bibliography, etc. note | Bibliography: p. 422-428. |
| 651 #0 - SUBJECT ADDED ENTRY--GEOGRAPHIC NAME | |
| Geographic name | China |
| General subdivision | Foreign relations |
| Geographic subdivision | Soviet Union. |
| 651 #0 - SUBJECT ADDED ENTRY--GEOGRAPHIC NAME | |
| Geographic name | Soviet Union |
| General subdivision | Foreign relations |
| Geographic subdivision | China. |
| 906 ## - LOCAL DATA ELEMENT F, LDF (RLIN) | |
| a | 7 |
| b | cbc |
| c | oclcrpl |
| d | u |
| e | ncip |
| f | 19 |
| g | y-gencatlg |
| 942 ## - ADDED ENTRY ELEMENTS (KOHA) | |
| Source of classification or shelving scheme | Dewey Decimal Classification |
| Koha item type | Books |
| Withdrawn status | Lost status | Source of classification or shelving scheme | Damaged status | Not for loan | Collection code | Home library | Current library | Shelving location | Date acquired | Source of acquisition | Total Checkouts | Full call number | Barcode | Date last seen | Copy number | Price effective from | Koha item type | Public note |
|---|---|---|---|---|---|---|---|---|---|---|---|---|---|---|---|---|---|---|
| Dewey Decimal Classification | Not For Loan | Non-fiction | Asiatic Society Library | Asiatic Society Library | General Stacks | 02/15/2021 | ASB Collection | 327.4705 WUC | 105827 | 02/15/2021 | C-1 | 02/15/2021 | Books | RARE |